| 000 | 02886nam0a2200481 i 4500 | ||
|---|---|---|---|
| 001 | RU\NLR\BIBL_A\011960403 | ||
| 005 | 20260408071352.0 | ||
| 010 |
_a9785824322576 _91000 |
||
| 035 | _a(NILC)LIBNET\0000935473 | ||
| 035 | _a(NLR Aleph) 011960403 | ||
| 090 |
_a11200736 _c11200736 |
||
| 100 | _a20190314d2018 k y0rusy50 ca | ||
| 101 | 0 | _arus | |
| 102 | _aRU | ||
| 105 | _aach z 000zy | ||
| 200 | 1 |
_aФрицляндия на Урале _eроссийские немцы в лагере принудительного труда Бакаллаг-Челябметаллургстрой, 1942-1946 _f[В. М. Кириллов, С.Л. Разинков, Л.И. Бородкин и др. _gнауч. ред.: В. М. Кириллов _gСовет при Президенте Российской Федерации по развитию гражданского общества и правам человека и др.] |
|
| 210 |
_aМосква _cРОССПЭН _d2018 |
||
| 215 |
_a806, [1] с. _cил., портр., факс. _d24 |
||
| 225 | 1 |
_aИстория сталинизма _fред. совет: Й. Баберовски [и др.] |
|
| 300 | _aАвт. указаны на обороте тит. л. | ||
| 320 | _aБиблиогр. в подстроч. примеч. | ||
| 320 | _aИменной указатель: с. 783-789 | ||
| 320 | _aПредметный указатель: с. 790-798 | ||
| 517 | 1 | _aРоссийские немцы в лагере принудительного труда Бакаллаг-Челябметаллургстрой, 1942-1946 | |
| 601 | 0 | 2 |
_aЧелябинский исправительно-трудовой лагерь _92416658 _3RU\NLR\AUTH\6601658338 |
| 601 | 0 | 2 |
_aБакальский исправительно-трудовой лагерь _cЧелябинск _92416659 _3RU\NLR\AUTH\6601658339 |
| 606 | 1 |
_aНемцы _xРепрессии _yСССР _92383288 _3RU\NLR\AUTH\661421787 |
|
| 606 | 1 |
_aТрудовые армии _yУрал _z1941 - 1945 _92473327 _3RU\NLR\AUTH\661468762 |
|
| 686 |
_a63.3(2)622-361 _vLBC/M _2rubbk |
||
| 686 | 1 | _aТ3(2)722.9-207 | |
| 686 | 1 | _aТ3(2)7-3 | |
| 686 | 1 | _aТ3(29=Н)7,02 | |
| 686 | 1 | _aХ628.402.111 | |
| 701 | 1 |
_8rus _7ca _aКириллов _bВ. М. _cд-р ист. наук, история Урала _gВиктор Михайлович _3RU\NLR\AUTH\7787884 _970812 |
|
| 701 | 1 |
_aРазинков _bС. Л. _f1976- _gСергей Львович |
|
| 701 | 1 |
_8rus _7ca _aБородкин _bЛ. И. _f1946- _gЛеонид Иосифович _3RU\NLR\AUTH\77461 _9110512 |
|
| 711 | 0 | 2 |
_aЧелябинский исправительно-трудовой лагерь _3RU\NLR\AUTH\8810213438 _9313733 |
| 801 | 0 |
_aRU _bТюменская ОНБ _c20181030 _grcr |
|
| 942 | _cBOOK | ||
| 980 | _aNBR | ||